| 000 | 00679nam a22001937a 4500 | ||
|---|---|---|---|
| 003 | UPN | ||
| 005 | 20250604202821.0 | ||
| 008 | 250604s2007 xx|ado||rst||i001 0 eng d | ||
| 040 |
_aMX-MxUPN _bspa _cMX-MxUPN |
||
| 041 | _aeng | ||
| 050 |
_aLB2846 E3833 _b2007 |
||
| 245 |
_aEducation for all in Africa : _btop priority for integrated sector-wide policies. Dakar+7 report 2007 |
||
| 260 |
_aDakar : _bUNESCO Regional Office for Education in Africa, _c2007 |
||
| 300 | _a367 páginas | ||
| 650 | 4 |
_aAlfabetización (Educación) _zÁfrica _91833 |
|
| 700 |
_aBarka, Lalla Aïcha Ben- _4coordinación _956818 |
||
| 902 | _aMaiella Martínez / 06062025 | ||
| 942 |
_2lcc _cLIBRO _n0 |
||
| 999 |
_c213426 _d213426 |
||